Matemática 2
Enregistré dans:
| Auteurs principaux: | , |
|---|---|
| Autres auteurs: | |
| Format: | Livre |
| Langue: | espagnol |
| Publié: |
Santiago
Santillana
1974
|
| Collection: | Educación Santillana
|
| Sujets: | |
| Tags: |
Ajouter un tag
Pas de tags, Soyez le premier à ajouter un tag!
|
MARC
| LEADER | 00000nam a2200000 a 4500 | ||
|---|---|---|---|
| 001 | UCW5316 | ||
| 003 | CL-VaPUC | ||
| 008 | 910402e19740000CL |||||||||||||||||spa|d | ||
| 082 | 0 | 4 | |a 372.7 |b COF |2 21 |
| 100 | 0 | |a Cofré Jorquera, Alicia |e author |9 310230 | |
| 700 | 0 | |a Tapia Araya, Lucia |e author |9 310231 | |
| 700 | |a Lillo Troncoso, María Ludovisa |e autora |9 350939 | ||
| 245 | 1 | 0 | |a Matemática 2 |
| 300 | |a 245 p | ||
| 942 | |c BK | ||
| 945 | |d 19910402 00:00:00 | ||
| 260 | |a Santiago |b Santillana |c 1974 | ||
| 650 | 7 | |a MATEMATICAS LIBROS DE TEXTO |2 CL-VaPUC |9 310233 | |
| 583 | |a last modification |c 19910402 00:00:00 |k Rodrigo Vera | ||
| 490 | 0 | |a Educación Santillana | |
| 999 | |c 218780 |d 218778 | ||
| 952 | |0 0 |1 0 |4 0 |6 372_700000000000000_COF_1974 |7 0 |8 P |9 208913 |a BIBEDU |b BIBEDU |c BIBEDU_PB |d 2019-11-15 |i 2767112 |o 372.7 COF 1974 |p 2767112 |r 2024-01-25 |w 2019-11-15 |y BK |k EDU | ||